000 00726cab a2200229 4500
001 ABS58177
008 090401t1998 xxu||||| |||| 00| 0 eng d
035 _a(Sirsi) u83259
041 _aeng
100 _aSeddon, C.
245 _aMillennium bug: The morning after
260 _c1998
350 _a0
490 _aBuilding
_v262(8021) 9 January 1998, 40-43(4)
520 _aConsiders the worst case scenario for 1 January 2000, gives ten points of law on the millennium bug and provides contacts for help on solving the problem.
650 _aCOMPUTERS
650 _aMILLENNIUM BUG
650 _aYEAR 2000
690 _aMANAGEMENT-BUSINESS MANAGEMENT-INFORMATION MANAGEMENT
942 _n0
948 _c22/01/1998
999 _c52577
_d52577